| 000 | 00387nam a2200133Ia 4500 | ||
|---|---|---|---|
| 999 |
_c17998 _d17998 |
||
| 082 | _a025.5 GIR-; | ||
| 100 | _aGirja Kumar | ||
| 245 | 0 | _aPhilosophy of user education | |
| 260 |
_aNew Delhi _bVikas Publishing _c1983 |
||
| 300 | _a247p. | ||
| 650 | _aUser education (Information science) | ||
| 650 | _aLibraries - Library education - Information services - User education | ||
| 942 | _cBK | ||